| 000 | 01324nam a22003255a 4500 | ||
|---|---|---|---|
| 003 | OSt | ||
| 005 | 20170522131748.0 | ||
| 008 | 170517s2002 su grb 000100 ara d | ||
| 015 | _a22 / 4467 | ||
| 020 | _a9960400999 | ||
| 040 |
_aEG-ScBUE _bara _cEG-ScBUE _dEG-ScBUE |
||
| 041 | 1 |
_aara _heng |
|
| 082 | 0 | 4 |
_a658.404 _bغ ر ا _222 |
| 100 | 1 |
_aغراهام، روبرت ج.، _d1946- |
|
| 240 | 1 | 0 |
_aCreating an environment for successful projects. _lArabic. |
| 245 | 1 | 0 |
_aتكوين البيئة المناسبة للمشاريع الناجحة : _bبحث في كيفية إدارة المشاريع / _cروبرت ج. غراهام، راندل ل. إنجلاند ؛ تعريب أيمن الطباع. |
| 250 | _aط. 1. | ||
| 260 |
_aالرياض : _bالعبيكان للنشر، _c2002. |
||
| 300 |
_a416 ص. ؛ _c24 سم. |
||
| 500 | _aيشتمل على كشاف. | ||
| 504 | _aيشتمل على إرجاعات ببليوجرافية. | ||
| 546 | _aالنص باللغة العربية ؛ مترجم من اللغة الإنجليزية. | ||
| 650 | 7 |
_2BUEsh _aإدارة المشروعات. |
|
| 650 | 7 |
_2BUEsh _aالمشروعات _xتخطيط. |
|
| 651 | _2BUEsh | ||
| 653 |
_bGGEN _cMay2017 |
||
| 700 | 1 | _aإنجلاند، راندل ل. | |
| 700 | 1 |
_aالطباع، أيمن، _eمعرب. |
|
| 942 | _2ddc | ||
| 999 |
_c24855 _d24827 |
||